| 000 | 00672nam a22002057a 4500 | ||
|---|---|---|---|
| 003 | LC | ||
| 005 | 20160316102347.0 | ||
| 008 | 160316b xxu||||| |||| 00| 0 eng d | ||
| 020 | _a076783005990 | ||
| 050 | _aPS 3576 .A33 .Z195 1993 vol.2 | ||
| 100 | _aZahn, Timothy | ||
| 245 |
_aStar wars : _bdark force rising _cTimothy Zahn |
||
| 260 |
_aNew York : _bBantam Books _c1992 |
||
| 300 |
_a376 pages, _c21 cm. |
||
| 440 | _aStar wars -- Volume 2 | ||
| 650 | _aOrgana, Leia -- (Fictitious character) -- Fiction. | ||
| 650 | _aSkywalker, Luke -- (Fictitious character) -- Fiction. | ||
| 650 | _aSolo, Han -- (Fictitious character) -- Fiction. | ||
| 942 |
_2lcc _cBK |
||
| 999 |
_c291539 _d291539 |
||